[Event "FRA-ch U16"]
[Site "Montbeliard"]
[Date "2014.04.21"]
[Round "3"]
[White "Dietrich, Thomas"]
[Black "Rakotomaharo, Fy Antenaina"]
[Result "0-1"]
[WhiteElo "1866"]
[BlackElo "2045"]
[PlyCount "122"]
[EventDate "2014.04.20"]
[EventType "swiss"]
[EventRounds "9"]
[EventCountry "FRA"]
[SourceTitle "CBM 160 Extra"]
[Source "ChessBase"]
[SourceDate "2014.07.01"]
[SourceVersion "1"]
[SourceVersionDate "2014.07.01"]
[SourceQuality "1"]

1. e4 c5 2. Nc3 Nc6 3. g3 g6 4. Bg2 Bg7 5. f4 d6 6. Nf3 e6 7. d3 Nge7 8. 0-0 0-0 9. Be3 Rb8 10. a4 b6 11. Rb1 d5 12. exd5 exd5 13. d4 Nf5 14. Bf2 cxd4 15. Nxd5 Ba6 16. Re1 Bc4 17. g4 Bxd5 18. gxf5 gxf5 19. Bh3 Qd6 20. Nh4 Qxf4 21. Bxf5 Qg5+ 22. Bg3 Ne5 23. Kf2 Ng6 24. Qg4 Qxg4 25. Bxg4 Nxh4 26. Bxh4 f5 27. Bh5 Be4 28. Rbc1 Bf6 29. Bxf6 Rxf6 30. Bf3 Rc8 31. Kg3 Bxc2 32. Bd1 d3 33. Bxc2 Rxc2 34. Rcd1 Re2 35. Rxe2 dxe2 36. Re1 Re6 37. Kf4 Re4+ 38. Kxf5 Rxa4 39. Rxe2 Kf7 40. Kg5 Rb4 41. h4 Rd4 42. h5 Rd6 43. b4 h6+ 44. Kf5 Rd5+ 45. Kg4 Rd4+ 46. Kf5 Rxb4 47. Rc2 Rb5+ 48. Kg4 Rg5+ 49. Kh4 Rc5 50. Rf2+ Ke6 51. Re2+ Re5 52. Rg2 Re4+ 53. Kh3 Kf5 54. Rg6 Re6 55. Rg3 b5 56. Kh4 Rb6 57. Ra3 b4 58. Rxa7 b3 59. Ra5+ Kf4 60. Ra1 b2 61. Rb1 Ke4 0-1

[Event "FRA-chT U20"]
[Site "Colmar"]
[Date "2013.12.07"]
[Round "?"]
[White "Dietrich, Thomas"]
[Black "Pillard, Valentin"]
[Result "0-1"]
[WhiteElo "1833"]
[BlackElo "1780"]
[PlyCount "92"]
[EventDate "2013.12.07"]
[EventType "swiss"]
[EventRounds "6"]
[EventCountry "FRA"]
[SourceTitle "EXT 2015"]
[Source "ChessBase"]
[SourceDate "2014.11.20"]
[SourceVersion "1"]
[SourceVersionDate "2014.11.20"]
[SourceQuality "1"]

1. e4 e6 2. d3 d5 3. Nd2 c5 4. g3 Nc6 5. Bg2 Nf6 6. c3 Bd6 7. f4 Bc7 8. e5 Nd7 9. Qg4 g6 10. Ne2 h5 11. Qf3 b5 12. 0-0 Bb7 13. Nb3 Bb6 14. Be3 f6 15. d4 c4 16. Nd2 f5 17. h3 Qe7 18. g4 hxg4 19. hxg4 Qh4 20. gxf5 gxf5 21. Qg3 Qxg3 22. Nxg3 Nd8 23. Kf2 Ke7 24. a4 bxa4 25. Rxa4 Rb8 26. Rh1 Rxh1 27. Bxh1 Bc6 28. Ra2 a5 29. Nh5 Bc7 30. Ke1 Bb5 31. Bf2 Kf7 32. Bh4 Nc6 33. Nf6 Rh8 34. Nxd7 Rxh4 35. Bf3 Nxd4 36. cxd4 Bxd7 37. Kf2 Rxf4 38. Ke3 Rh4 39. b3 c3 40. Nb1 Bb6 41. Nxc3 Bxd4+ 42. Kd3 Bxe5 43. Re2 Bxc3 44. Kxc3 Rh3 45. Re3 f4 46. Rd3 Bb5 0-1

[Event "FRA-ch U14"]
[Site "Saint Paul Trois Chateaux"]
[Date "2013.05.04"]
[Round "7"]
[White "Meunier, Clement1111"]
[Black "Dietrich, Thomas"]
[Result "1/2-1/2"]
[WhiteElo "2004"]
[BlackElo "1799"]
[PlyCount "104"]
[EventDate "2013.04.28"]
[EventType "swiss"]
[EventRounds "9"]
[EventCountry "FRA"]
[SourceTitle "CBM 154 Extra"]
[Source "ChessBase"]
[SourceDate "2013.06.25"]
[SourceVersion "2"]
[SourceVersionDate "2013.06.25"]
[SourceQuality "1"]

1. d4 c6 2. c4 g6 3. Nf3 Bg7 4. Nc3 Nf6 5. e4 d6 6. Be2 0-0 7. 0-0 e5 8. Be3 exd4 9. Nxd4 Re8 10. f3 d5 11. cxd5 Nxd5 12. Nxd5 cxd5 13. Qb3 dxe4 14. Rad1 Qe7 15. fxe4 Qxe4 16. Qxf7+ Kh8 17. Bf2 Rf8 18. Qc4 Bg4 19. Bxg4 Qxg4 20. Qe6 Qxe6 21. Nxe6 Rc8 22. Nxg7 Kxg7 23. Bd4+ Kg8 24. Bc3 b5 25. h4 a5 26. h5 b4 27. Bf6 Ra7 28. Rd5 Rf8 29. hxg6 hxg6 30. Rg5 Raf7 31. Rxg6+ Kh7 32. Rg5 Rxf6 33. Rxf6 Rxf6 34. Rxa5 Rb6 35. Kf2 Nc6 36. Ra8 Rb5 37. Ke3 Kg7 38. Ra6 Rc5 39. Rb6 Re5+ 40. Kd3 Re6 41. Kc4 Kf7 42. Kc5 Re2 43. Kxc6 Rxb2 44. g3 Rxa2 45. Rxb4 Rg2 46. Rg4 Kf6 47. Kd5 Kf5 48. Rg8 Rd2+ 49. Kc4 Ke4 50. g4 Rg2 51. g5 Kf5 52. Rf8+ Kg6 1/2-1/2

[Event "FRA-ch U14"]
[Site "Saint Paul Trois Chateaux"]
[Date "2013.05.01"]
[Round "4"]
[White "Dietrich, Thomas"]
[Black "O'Sullivan, Thomas"]
[Result "1-0"]
[WhiteElo "1799"]
[BlackElo "1884"]
[PlyCount "77"]
[EventDate "2013.04.28"]
[EventType "swiss"]
[EventRounds "9"]
[EventCountry "FRA"]
[SourceTitle "CBM 154 Extra"]
[Source "ChessBase"]
[SourceDate "2013.06.25"]
[SourceVersion "2"]
[SourceVersionDate "2013.06.25"]
[SourceQuality "1"]

1. e4 e6 2. d4 d5 3. Nd2 Nf6 4. e5 Nfd7 5. Bd3 c5 6. c3 Nc6 7. Ndf3 Qb6 8. Ne2 Be7 9. 0-0 cxd4 10. cxd4 0-0 11. b3 f6 12. exf6 Nxf6 13. Nf4 Ne4 14. Re1 Nxf2 15. Kxf2 Nxd4 16. Nxd4 Qxd4+ 17. Be3 Rxf4+ 18. Kg1 Qf6 19. Bxf4 Qxf4 20. Rf1 Qe3+ 21. Kh1 Bd7 22. Rc1 Qh6 23. Qe2 Bd6 24. h3 Qg5 25. g4 e5 26. Qf3 Bc6 27. Bb5 Rf8 28. Qg2 Rxf1+ 29. Rxf1 e4 30. Bxc6 bxc6 31. Qf2 Qe7 32. Qf5 g6 33. Qc8+ Kg7 34. Qxc6 Qe5 35. Rf2 e3 36. Qd7+ Kh6 37. Rg2 Kg5 38. h4+ Kf4 39. g5 1-0

[Event "Marseille op 5th"]
[Site "Marseille"]
[Date "2012.12.27"]
[Round "5"]
[White "Esposito, Julie"]
[Black "Dietrich, Thomas"]
[Result "1-0"]
[WhiteElo "1823"]
[BlackElo "1729"]
[PlyCount "49"]
[EventDate "2012.12.26"]
[EventType "swiss"]
[EventRounds "9"]
[EventCountry "FRA"]
[SourceTitle "EXT 2014"]
[Source "ChessBase"]
[SourceDate "2013.11.20"]
[SourceVersion "1"]
[SourceVersionDate "2013.11.20"]
[SourceQuality "1"]

1. d4 d5 2. c4 e6 3. Nc3 Nf6 4. cxd5 exd5 5. Bg5 Be7 6. e3 0-0 7. Bd3 h6 8. Bxf6 Bxf6 9. Nge2 b6 10. Nf4 Bb7 11. Qb3 c6 12. 0-0 Na6 13. Rfd1 Nc7 14. a4 Qd6 15. Be2 Rfb8 16. Bf3 c5 17. Ncxd5 cxd4 18. Nxf6+ Qxf6 19. Bxb7 Rxb7 20. Rxd4 b5 21. Rad1 Rab8 22. a5 Ne8 23. Qc2 Rc7 24. Qd3 a6 25. Nd5 1-0

[Event "FRA-ch U12"]
[Site "Montlucon"]
[Date "2011.04.22"]
[Round "7"]
[White "Eugene, Floryan"]
[Black "Dietrich, Thomas"]
[Result "1-0"]
[WhiteElo "1689"]
[BlackElo "1660"]
[PlyCount "189"]
[EventDate "2011.04.17"]
[EventType "swiss"]
[EventRounds "9"]
[EventCountry "FRA"]
[SourceTitle "CBM 142 Extra"]
[Source "ChessBase"]
[SourceDate "2011.06.27"]
[SourceVersion "1"]
[SourceVersionDate "2011.06.27"]
[SourceQuality "1"]

1. e4 e6 2. d4 d5 3. Nc3 Nf6 4. e5 Nfd7 5. f4 c5 6. Nf3 Nc6 7. Be3 a6 8. Be2 b5 9. Qd2 Rb8 10. 0-0 Bb7 11. Rae1 Qb6 12. Kh1 cxd4 13. Bxd4 Nxd4 14. Nxd4 Bc5 15. Nb3 Be3 16. Qd3 Bf2 17. Rd1 Nc5 18. Nxc5 Bxc5 19. f5 0-0 20. Qh3 d4 21. Bd3 exf5 22. Bxf5 g6 23. Ne4 Bxe4 24. Bxe4 Rbe8 25. Rf6 Re6 26. Rdf1 b4 27. Qh6 Qb5 28. Bd3 Qb7 29. Bc4 Rxe5 30. Rxf7 Rxf7 31. Rxf7 Qxf7 32. Bxf7+ Kxf7 33. Qxh7+ Kf6 34. Qh4+ g5 35. Qh6+ Kf7 36. Qh5+ Ke7 37. h4 Bd6 38. Qh7+ Ke6 39. Qg8+ Ke7 40. g4 gxh4 41. Qh7+ Ke6 42. Qh6+ Kd7 43. Qxh4 Be7 44. Qf2 Rd5 45. Qe2 a5 46. Qf3 Kd6 47. Kg1 Kc5 48. a3 Kc6 49. axb4 axb4 50. c4 bxc3 51. bxc3 dxc3 52. Qxc3+ Kd6 53. Kg2 Kd7 54. Kf3 Ke6 55. Ke4 Rd6 56. Qc4+ Kf6 57. Qc3+ Kf7 58. Qc4+ Kg7 59. Ke5 Kf8 60. g5 Rg6 61. Qc8+ Kf7 62. Qc4+ Kf8 63. Qf4+ Kg7 64. Kf5 Rxg5+ 65. Ke6 Bd8 66. Qf7+ Kh6 67. Qf8+ Kg6 68. Qxd8 Kh5 69. Qd1+ Kh6 70. Qh1+ Rh5 71. Qc1+ Kg6 72. Qg1+ Rg5 73. Qf1 Kh5 74. Kf6 Rg3 75. Qd1+ Kh4 76. Kf5 Rg2 77. Qe1+ Kh3 78. Kf4 Rf2+ 79. Kg5 Kg3 80. Qe3+ Kg2 81. Kg4 Kh1 82. Kg3 Rg2+ 83. Kf4 Rf2+ 84. Ke4 Kg1 85. Qh3 Re2+ 86. Kd3 Rf2 87. Qh4 Kg2 88. Ke3 Rf3+ 89. Ke2 Rh3 90. Qe4+ Kg3 91. Ke3 Rh2 92. Qg6+ Kh4 93. Kf3 Rh3+ 94. Kf4 Rf3+ 95. Kxf3 1-0